| 000 | 00645nam a2200205 a 4500 | ||
|---|---|---|---|
| 001 | 000035086 | ||
| 005 | 20260312134859.0 | ||
| 008 | 111025s1926 sp 000 0 spa d | ||
| 040 |
_aDO-SdBNP _bspa _cBNPHU |
||
| 082 |
_a172 _bR695a, 1926 |
||
| 100 | 1 |
_aRodó, José Enrique, _d1871-1917 _93052 |
|
| 245 | 1 | 0 |
_aAriel : _bliberalismo y jacobinismo / _cJosé Enrique Rodó; prólogo de Rafael Altamira. |
| 250 | _a3a. ed. | ||
| 260 |
_aBarcelona : _bCervantes, _c1926. |
||
| 300 |
_a229 p. ; _c21 cm. |
||
| 650 | 0 |
_aÉtica social _91353 |
|
| 650 | 0 |
_aDemocracia _9286 |
|
| 650 | 0 |
_aLiberalismo _95271 |
|
| 910 | _aValidado. Control de calidad MFF | ||
| 999 |
_c34577 _d34577 |
||